Eastern Utah Libraries Catalog: Duchesne, Heber, Roosevelt, & Vernal

Diario de Greg : (Record no. 381430)

MARC details
000 -LEADER
fixed length control field 01271nam a2200373 4500
001 - CONTROL NUMBER
control field 1958527
003 - CONTROL NUMBER IDENTIFIER
control field IlCrPQL
005 - DATE AND TIME OF LATEST TRANSACTION
control field 20230223141402.0
008 - FIXED-LENGTH DATA ELEMENTS--GENERAL INFORMATION
fixed length control field 230220s2010 sp a 000 1 spa
020 ## - INTERNATIONAL STANDARD BOOK NUMBER
International Standard Book Number 1484473612
020 ## - INTERNATIONAL STANDARD BOOK NUMBER
International Standard Book Number 9781484473610
020 ## - INTERNATIONAL STANDARD BOOK NUMBER
International Standard Book Number 9781644735060
040 ## - CATALOGING SOURCE
Transcribing agency IlCrPQL
082 14 - DEWEY DECIMAL CLASSIFICATION NUMBER
Classification number [Fic]
Edition number 23
100 1# - MAIN ENTRY--PERSONAL NAME
Personal name Kinney, Jeff.
245 10 - TITLE STATEMENT
Title Diario de Greg :
Remainder of title esto es el colmo! /
Statement of responsibility, etc Jeff Kinney.
246 30 - VARYING FORM OF TITLE
Title proper/short title Esto es el colmo
250 ## - EDITION STATEMENT
Edition statement Spanish edition.
260 ## - PUBLICATION, DISTRIBUTION, ETC. (IMPRINT)
Place of publication, distribution, etc Barcelona :
Name of publisher, distributor, etc Molino RBA,
Date of publication, distribution, etc 2010.
300 ## - PHYSICAL DESCRIPTION
Extent 217 p. :
Other physical details ill. ;
Dimensions 22 cm
490 1# - SERIES STATEMENT
Series statement Diary of a wimpy kid ;
Volume number/sequential designation 3
520 ## - SUMMARY, ETC.
Summary, etc Middle-schooler Greg Heffley nimbly sidesteps his father's attempts to change Greg's wimpy ways until his father threatens to send him to military school.
521 2# - TARGET AUDIENCE NOTE
Target audience note 3456.
546 8# - LANGUAGE NOTE
Language note In Spanish
650 #7 - SUBJECT ADDED ENTRY--TOPICAL TERM
Topical term or geographic name as entry element Diaries
Source of heading or term sears
Form subdivision Fiction.
9 (RLIN) 5674805
650 #7 - SUBJECT ADDED ENTRY--TOPICAL TERM
Topical term or geographic name as entry element Family life
Source of heading or term sears
Form subdivision Fiction.
9 (RLIN) 5674038
650 #7 - SUBJECT ADDED ENTRY--TOPICAL TERM
Topical term or geographic name as entry element Humorous fiction.
Source of heading or term sears
9 (RLIN) 5694058
650 #7 - SUBJECT ADDED ENTRY--TOPICAL TERM
Topical term or geographic name as entry element Middle schools
Source of heading or term sears
Form subdivision Fiction.
9 (RLIN) 5675986
650 #7 - SUBJECT ADDED ENTRY--TOPICAL TERM
Topical term or geographic name as entry element School stories.
Source of heading or term sears
650 #7 - SUBJECT ADDED ENTRY--TOPICAL TERM
Topical term or geographic name as entry element Spanish language.
Source of heading or term sears
655 #7 - INDEX TERM--GENRE/FORM
Genre/form data or focus term Humorous fiction.
Source of term sears
800 1# - SERIES ADDED ENTRY--PERSONAL NAME
Personal name Kinney, Jeff.
Title of a work Diary of a wimpy kid.
Language of a work Spanish ;
Volume/sequential designation 3.
9 (RLIN) 6462844
852 ## - LOCATION/CALL NUMBER
-- 22.95
Holdings
Withdrawn status Lost status Source of classification or shelving scheme Damaged status Not for loan Collection code Home library Current library Shelving location Date acquired Source of acquisition Serial Enumeration / chronology Total Checkouts Total Renewals Full call number Barcode Date last seen Date checked out Cost, replacement price Price effective from Koha item type
    Dewey Decimal Classification     Spanish Junior Fiction Wasatch County Library Wasatch County Library First Floor 06/30/2023 Rainbow Books 3 4 3 J Kinney 34301002045484 12/09/2025 12/05/2025 22.95 06/30/2023 BOOK
This project was made possible through a grant from the Institute of Museum and Library Service administered by the Utah State Library Division.

Wasatch County Library

  • 465 East 1200 South, Heber City, Utah 84032
  • Phone 435-654-1511 | Fax 435-654-6456

Hours

  • Monday - Friday 9:30 AM - 8:00 PM
  • Saturday 9:30 AM - 1:30 PM
  • Closed Sundays and Holidays